U.S. States that Border the Ocean - Statistics

General Stats
  • This quiz has been taken 18 times
  • The average score is 21 of 23
Answer Stats
Answer Miles of Coastline % Correct
California 840
100%
Oregon 296
100%
Rhode Island 40
100%
Delaware 28
94%
Maine 228
94%
Maryland 31
94%
Massachusetts 192
94%
Mississippi 44
94%
New Hampshire 13
94%
South Carolina 187
94%
Texas 367
94%
Washington 157
94%
Alabama 53
88%
Alaska 6,640
88%
Florida 1,350
88%
Georgia 100
88%
Hawaii 750
88%
New Jersey 130
88%
New York 127
88%
North Carolina 301
88%
Virginia 112
88%
Connecticut 96
81%
Louisiana 397
81%
No matching quizzes found
Score Distribution
Percent of People with Each Score
Percentile by Number Answered
Your Score History
You have not taken this quiz